000 00460cam a22001814a 4500
005 20250605164244.0
008 250528s ||||||||||||||||||||||||d
035 _a21425
040 _aGR-AtMCL
_bgre
_dGR-AtMCL
_eAACR2
245 1 _aΠΛΗΡΕΣ ΕΓΧΕΙΡΙΔΙΟ ΤΗΣ QUICKBASIC
250 _a1
260 _bΜ. Γκιούρδας,
_c1990
300 _a443
700 1 _aBelserene Rita
_97464
942 _cBK
999 _c6487
_d6487